Principy návrhu a implemtace interaktívních systémů učební text dálkového kursu

Salvato in:
Dettagli Bibliografici
Autore principale: Voříšek, J.
Altri autori: Štěrba, M., Šmejkal, Ivo
Natura: Libro
Lingua:ceco
Pubblicazione: Praha Dům techniky ČSVTS 1984
Tags: Aggiungi Tag
Nessun Tag, puoi essere il primo ad aggiungerne!!

MARC

LEADER 00000nam a2200000 4500
001 c108210
005 20041019155140.7
041 0 |a cze 
044 |a CZ 
245 1 0 |a Principy návrhu a implemtace interaktívních systémů  |b učební text dálkového kursu  |c J. Voříšek, M. Štěrba, Ivo Šmejkal 
264 1 |a Praha  |b Dům techniky ČSVTS  |c 1984 
300 |a 254 s. 
100 1 |a Voříšek, J. 
700 1 |a Štěrba, M. 
700 1 |a Šmejkal, Ivo